Tilastot visalle Sanat - "Tahdon rakastella sinua" - Pelle Miljoona

Klikkaa tästä pelataksesi tätä visaa!

Yleistilastot

  • Tätä visaa on pelattu 121 kertaa
  • Keskiarvotulos 42 / 62

Vastaustilastot

Sanat% Oikein
rakastella
100%
rakastella
100%
rakastella
100%
rakastella
100%
sinua
100%
sinua
100%
sinua
100%
sinua
100%
tahdon
100%
tahdon
100%
tahdon
100%
tahdon
100%
minua?
95%
minua?
95%
minua?
95%
sinä
95%
sinä
95%
sinä
95%
tahdotko
94%
tahdotko
94%
tahdotko
94%
vasten
67%
tän
66%
huulia
65%
mua
65%
Paina
65%
tunnetko
65%
tunnetko
65%
tunnetko
65%
joka
64%
kosketa
64%
huules
62%
paikkaan
62%
hetken
61%
katso
60%
kauneuden?
60%
kun
59%
silmiini
59%
syvälle
59%
me
55%
sykkeen
51%
rakastelemme
48%
sydämeni?
48%
vaikenee
48%
värinän
48%
jumalatkin
47%
kuin
47%
niin
47%
avaa
46%
huulillani?
46%
tulen
45%
porttis
44%
puutarhaasi
44%
sade
42%
nyt
41%
on
41%
puhu
40%
älä
39%
huomisesta
39%
hiljaisuus
36%
kauneinta
35%
musikkii
21%

Tulosjakauma

Persentiili vastausten määrän mukaan

Jokaisen tuloksen saaneiden osuus

Tuloshistoriasi

Et ole pelannut tätä visaa